| 000 | 01489nam0a22003131 4500 | ||
|---|---|---|---|
| 001 | rc\3458819 | ||
| 005 | 20130115124217.0 | ||
| 021 |
_aRU _b74-80534 |
||
| 021 |
_aRU _bРг12017-74 |
||
| 035 | _a(NLR Aleph) 007885117 | ||
| 090 |
_a7942569 _c7942569 |
||
| 100 | _a20130115d1974 |||y0rusy50 ca | ||
| 101 | 0 | _arus | |
| 102 | _aRU | ||
| 105 | _ay z ||||| | ||
| 200 | 1 |
_aО привитии студентам навыков организаторской и общественно-политической работы _eМетод. разработка для проф.-преп. состава и студенческого актива _fМ-во рыбного хоз-ва СССР. Калинингр. техн. ин-т рыбной пром-сти и хоз-ва |
|
| 210 |
_aКалининград _cБ. и. _d1974 |
||
| 215 |
_a99 с. _d22 |
||
| 300 | _aНа 2-й с. обл.: подгот. доц. Эйтвид Л.В., Рогачев С.А., доц. Червяк Ф.И. | ||
| 320 | _aБиблиогр. в конце текста | ||
| 702 | 1 |
_aРогачев _bС. А. _gСтанислав Александрович _4570 |
|
| 702 | 1 |
_aЭйтвид _bЛ. В. _4570 |
|
| 702 | 1 |
_aЧервяк _bФ. И. _4570 |
|
| 712 | 0 | 2 |
_aКалининградский техн. ин-т рыбной промышленности и хозяйства _3RU\NLR\AUTH\8810007979 |
| 801 | 0 |
_aRU _bNLR _gpsbo |
|
| 801 | 1 |
_aRU _bELAR _2rusmarc |
|
| 852 |
_aNLR _j74-6/3502 |
||
| 942 | _cBOOK | ||
| 980 | _aNB | ||